[Event "Capablanca mem Elite"]
[Site "Havana"]
[Date "1999.05.08"]
[Round "2"]
[White "Bruzon, Lazaro"]
[Black "Godena, Michele"]
[Result "1-0"]
[WhiteElo "2488"]
[BlackElo "2552"]

1.e4 e5 2.Nf3 Nc6 3.Bb5 a6 4.Ba4 Nf6 5.O-O b5 6.Bb3 Bc5 7.c3 d6 8.a4 Bg4
9.d3 Rb8 10.Nbd2 O-O 11.h3 Bh5 12.Re1 b4 13.Bc4 Na5 14.Bxa6 c6 15.Bc4 d5
16.Ba2 Qb6 17.Qe2 b3 18.Bb1 Rfe8 19.Nf1 d4 20.cxd4 exd4 21.g4 Bg6 22.Bf4 Ra8
23.Ne5 Bb4 24.Rc1 c5 25.Nd2 Bxd2 26.Qxd2 Rec8 27.f3 Ne8 28.Nc4 Nxc4 29.dxc4 f6
30.Bd3 Ra5 31.Ra3 Rca8 32.Rca1 Nd6 33.Qh2 R8a6 34.Bd2 Bf7 35.Qe2 h6 36.Bxa5 Rxa5
37.f4 Qa6 38.Rc1 Rxa4 39.Rxa4 Qxa4 40.e5 fxe5 41.fxe5  1-0

[Event "Capablanca mem Elite"]
[Site "Havana"]
[Date "1999.05.09"]
[Round "3"]
[White "Nogueiras, Jesus"]
[Black "Bruzon, Lazaro"]
[Result "1/2-1/2"]
[WhiteElo "2540"]
[BlackElo "2488"]

1.d4 Nf6 2.Nf3 d5 3.c4 e6 4.Nc3 Be7 5.Bg5 O-O 6.cxd5 exd5 7.e3 c6 8.Bd3 Re8
9.Qc2 Nbd7 10.O-O Nf8 11.Rab1 Bg4 12.Ne5 Bh5 13.f4 N6d7 14.Nxd7 Qxd7 15.Bxe7 Rxe7
16.Qf2 f6 17.f5 Rd8 18.b4 Qd6 19.Rfe1 Bf7 20.Qf4 Qxf4 21.exf4 Rxe1+ 22.Rxe1 Nd7
23.Kf2 Kf8 24.Na4 b6 25.Rc1 Nb8 26.Rc3 Be8 27.Nb2 Rd7 28.a3 Ke7 29.g4 Kd6
30.Be2 Re7 31.Bf3 Na6 32.Nd3 Bd7 33.Rc1 Nc7 34.a4 Bc8 35.Nb2 Ba6 36.Rc3 Kd7
37.Nd1 Ne8 38.Re3 Rxe3 39.Kxe3 Kd6 40.Nc3 Nc7 41.Be2 Bxe2 42.Kxe2 Na6 43.Na2 Nb8
44.Kd3 Na6 45.Kc2 Nc7 46.Kd3 Ne8 47.Nc3 Kd7 48.a5 Nd6 49.axb6 axb6 50.h3 Kc7
51.Ne2 Ne4 52.Nc3 Nd6 53.Ne2 Kb7 54.Ng3 Ka6 55.Nh5 Ne8 56.g5 fxg5 57.fxg5 Kb5
58.f6 gxf6 59.Nxf6 Ng7 60.Kc3 c5 61.bxc5 bxc5 62.dxc5 Kxc5 63.Nxh7 d4+ 64.Kd3 Kd5
65.g6 Ke5 66.h4 Ne6 67.Kc4 Ng7 68.Kd3 Ne6 69.Kd2 Ng7 70.Ke2 Nh5 71.Kf3 d3
72.Ke3 Kf5 73.Nf8 Kf6  1/2-1/2

[Event "Capablanca mem Elite"]
[Site "Havana"]
[Date "1999.05.10"]
[Round "4"]
[White "Bruzon, Lazaro"]
[Black "Becerra Rivero, Julio"]
[Result "1-0"]
[WhiteElo "2488"]
[BlackElo "2535"]

1.e4 g6 2.d4 Bg7 3.c3 d6 4.Nf3 Nf6 5.Bd3 O-O 6.O-O Nc6 7.Re1 e5 8.Na3 Bg4
9.Nc2 Nh5 10.d5 Ne7 11.c4 h6 12.Ne3 Bd7 13.g3 Qe8 14.c5 f5 15.cxd6 cxd6 16.Nc4 Nc8
17.Nh4 f4 18.g4 Nf6 19.f3 h5 20.h3 Bh6 21.Bd2 Bg5 22.Ng2 hxg4 23.hxg4 b5
24.Na5 Qd8 25.Nc6 Qb6+ 26.Kf1 Kg7 27.Ba5 Qa6 28.b4 Nb6 29.Ke2 Qb7 30.Rc1 Na4
31.Kd2 Rac8 32.Qe2 a6 33.Ne7 Rxc1 34.Rxc1 Ne8 35.Nc6 Rh8 36.Qf2 Rh2 37.Qg1 Rh3
38.Ne1 Qa8 39.Rc2 Bh4 40.Qg2 Bxe1+ 41.Kxe1 Rg3 42.Qf2 Rh3 43.Bf1 Rh1 44.Qg2 Rh8
45.Qg1 Nf6 46.Bc7 Ne8 47.Nxe5 dxe5 48.Bxe5+ Kg8 49.Bxh8 Kxh8 50.Qh2+ Kg8
51.Qxf4 Qd8 52.Kf2 Qb6+ 53.Kg2 Qd4 54.Qg5 Kf7 55.Rd2 Qf6 56.Qe3 Qb6 57.Kf2 Bc8
58.Qxb6 Nxb6 59.Ke3 g5 60.Kd4 Bb7 61.Rh2 Nf6 62.Bd3 Kg7 63.e5 Nbxd5 64.exf6+ Nxf6
65.f4  1-0

[Event "Capablanca mem Elite"]
[Site "Havana"]
[Date "1999.05.12"]
[Round "5"]
[White "Morovic Fernandez, Ivan"]
[Black "Bruzon, Lazaro"]
[Result "1/2-1/2"]
[WhiteElo "2613"]
[BlackElo "2488"]

1.d4 Nf6 2.c4 e6 3.Nf3 d5 4.Nc3 Be7 5.Bg5 O-O 6.e3 h6 7.Bh4 b6 8.Bd3 Bb7
9.O-O dxc4 10.Bxc4 Ne4 11.Bxe7 Qxe7 12.Nxe4 Bxe4 13.Rc1 Rc8 14.Be2 a6 15.Ne5 Ra7
16.Bh5 g6 17.Bf3 Bxf3 18.Qxf3 c5 19.dxc5 Rac7 20.c6 Qg5 21.Qe4 Qf5 22.Qxf5 gxf5
23.Rc3 Kf8 24.Rfc1 Ke7 25.Nc4 b5 26.Na5 Kd6 27.Nb7+ Ke7 28.Na5  1/2-1/2

[Event "Capablanca mem Elite"]
[Site "Havana"]
[Date "1999.05.14"]
[Round "7"]
[White "Atalik, Suat"]
[Black "Bruzon, Lazaro"]
[Result "1-0"]
[WhiteElo "2593"]
[BlackElo "2488"]

1.d4 Nf6 2.c4 e6 3.Nf3 d5 4.Nc3 Be7 5.Bg5 O-O 6.e3 h6 7.Bh4 b6 8.Bd3 Bb7
9.O-O dxc4 10.Bxc4 Ne4 11.Bg3 c5 12.Nxe4 Bxe4 13.dxc5 Bxc5 14.Ne5 Nc6 15.Nd7 Re8
16.Nxc5 bxc5 17.f3 Bd5 18.Be2 e5 19.Rc1 Bxa2 20.Rxc5 Qb6 21.Qc1 Rac8 22.Bxe5 Be6
23.Bg3 Ne5 24.Rc3 Rxc3 25.Qxc3 Nc6 26.Rd1 Bb3 27.Rd3 Ba4 28.Kf2 Bb5 29.Rd6 Bxe2
30.Kxe2 Qb5+ 31.Kf2 Ne7 32.Qd2 h5 33.h4 a6 34.Rd8 Ng6 35.Rd5 Qa4 36.Qc3 Nf8
37.Rxh5 Rd8 38.Be5 Ne6 39.Kg3 Qd1 40.Kh2 Rd2 41.Bd4 Rc2 42.Qb4 f6 43.Qd6 Rxg2+
44.Kxg2 Qe2+ 45.Kg3 Qe1+ 46.Kg4 Qg1+ 47.Qg3  1-0

[Event "Capablanca mem Elite"]
[Site "Havana"]
[Date "1999.05.15"]
[Round "8"]
[White "Arencibia, Walter"]
[Black "Bruzon, Lazaro"]
[Result "1/2-1/2"]
[WhiteElo "2520"]
[BlackElo "2488"]

1.d4 Nf6 2.c4 g6 3.Nc3 d5 4.Bg5 Ne4 5.Bf4 Nxc3 6.bxc3 Bg7 7.e3 c5 8.Nf3 O-O
9.cxd5 cxd4 10.cxd4 Qxd5 11.Be2 Qa5+ 12.Qd2 Qxd2+ 13.Kxd2 Rd8 14.Rhc1 Nc6
15.Ke1 Bf5 16.a3 Rac8 17.Bb5 Be4 18.Kf1 a6 19.Be2 Na5 20.Nd2 Bc6 21.Ke1 Bxg2
22.Bc7 Rd5 23.Bxa5 Rxc1+ 24.Rxc1 Rxa5 25.Rc8+ Bf8 26.Nc4 Rb5 27.Ne5 Rb1+
28.Kd2 Bh3 29.Rb8 Rb2+ 30.Ke1 f6 31.Bc4+ Kg7 32.Nd3 Rb1+ 33.Kd2 e5 34.dxe5 fxe5
35.Bxa6 Bg2 36.a4 Bc6 37.Nxe5 Bd6 38.Nxc6 Bxb8 39.Bd3 Rb6 40.Nxb8 Rd6 41.Kc3 Rd8
42.Na6 bxa6 43.Bxa6 Rd5 44.Bc4 Rf5 45.Kb4 Rxf2 46.a5 Kf6 47.a6 Ke5 48.Kc5 Ke4
49.a7 Rf8 50.Bd5+ Kxe3 51.Kd6 Kf4 52.Bb7 Kg5 53.Ke7 Rh8 54.a8=Q Rxa8 55.Bxa8 h5
56.Kf7 Kh6 57.Kg8 g5  1/2-1/2

[Event "Capablanca mem Elite"]
[Site "Havana"]
[Date "1999.05.17"]
[Round "9"]
[White "Bruzon, Lazaro"]
[Black "Comas Fabrego, Luis"]
[Result "1-0"]
[WhiteElo "2488"]
[BlackElo "2541"]

1.e4 e5 2.Nf3 Nc6 3.Bb5 Nf6 4.O-O Nxe4 5.d4 Nd6 6.Bxc6 dxc6 7.dxe5 Nf5 8.Qxd8+ Kxd8
9.Nc3 Ke8 10.h3 a5 11.a3 Ne7 12.Re1 Be6 13.Ne4 Nd5 14.Nd4 Be7 15.Bd2 a4 16.f4 c5
17.Nxe6 fxe6 18.c4 Nb6 19.Rac1 Kd7 20.Kf2 Kc6 21.Ke2 Rad8 22.Be3 h6 23.Rf1 Rdf8
24.Rf3 g6 25.g4 Rf7 26.Nd2 Nd7 27.Rcf1 Rb8 28.Ne4 b5 29.cxb5+ Rxb5 30.Bc1 c4
31.Rc3 Nb6 32.Nd2 Rc5 33.Rff3 Nd5 34.Rxc4 Rxf4 35.Rfxf4 Nxf4+ 36.Rxf4 Rxc1
37.Rxa4 Kd5 38.Kd3 c5 39.Ra7 Bg5 40.Rd7+ Kxe5 41.Nc4+ Kf4 42.Rc7 Rh1 43.Rf7+ Kg3
44.a4 Kxh3 45.a5 Rd1+ 46.Ke2 Rd4 47.b3 Re4+ 48.Kd1 Rxg4 49.a6 Rg1+ 50.Ke2 Ra1
51.a7 Bd8 52.b4 Ra2+ 53.Kd1 cxb4 54.Rf3+ Kg4 55.Na3 Kxf3 56.a8=Q+ Kf4 57.Qb8+ Kf5
58.Qxb4 Ra1+ 59.Ke2 Bf6 60.Nc2 Ra2 61.Kf3 Rxc2 62.Qf4+  1-0

[Event "Capablanca mem Elite"]
[Site "Havana"]
[Date "1999.05.19"]
[Round "11"]
[White "Bruzon, Lazaro"]
[Black "Slobodjan, Roman"]
[Result "1-0"]
[WhiteElo "2488"]
[BlackElo "2536"]

1.e4 e5 2.Nf3 Nc6 3.Bb5 a6 4.Ba4 Nf6 5.O-O Bc5 6.c3 b5 7.Bb3 d6 8.a4 Bg4
9.h3 Bxf3 10.Qxf3 Na5 11.Bc2 b4 12.Qd1 O-O 13.d4 b3 14.dxc5 bxc2 15.Qxc2 dxc5
16.b4 Nb7 17.bxc5 Qd7 18.c4 Nxc5 19.Ba3 Qc6 20.Nc3 Rfe8 21.Rfe1 Ne6 22.Nd5 Nxd5
23.exd5 Nd4 24.Qc3 Qg6 25.Ra2 f6 26.Kh2 Rab8 27.Bb4 Qf5 28.Rb2 Qd7 29.a5 Nf5
30.Bc5 e4 31.Rxb8 Rxb8 32.Rxe4 h5 33.Qf3 Nd6 34.Re6 Nxc4 35.Re7 Qd8 36.Qg3 g5
37.Qd3 Ne5 38.Qh7+  1-0

[Event "Capablanca mem Elite"]
[Site "Havana"]
[Date "1999.05.20"]
[Round "12"]
[White "Baburin, Alexander"]
[Black "Bruzon, Lazaro"]
[Result "0-1"]
[WhiteElo "2586"]
[BlackElo "2488"]

1.d4 Nf6 2.c4 g6 3.Nf3 Bg7 4.g3 O-O 5.Bg2 c6 6.Nc3 d5 7.cxd5 cxd5 8.Ne5 e6
9.O-O Nfd7 10.f4 Nc6 11.Be3 f6 12.Nf3 Nb6 13.b3 Bd7 14.Bf2 f5 15.Ne5 Be8
16.Rc1 Qe7 17.e3 Nc8 18.g4 Nd6 19.gxf5 Nxf5 20.Ne2 Kh8 21.Ng3 Nh4 22.Bh3 Nxe5
23.dxe5 Bb5 24.Re1 Bxe5 25.fxe5 Nf3+ 26.Kg2 Nh4+ 27.Kg1 Nf3+ 28.Kg2 Qh4 29.Bg1 Rae8
30.a4 Ba6 31.e4 g5 32.Re3 Nxg1 33.Kxg1 d4 34.Qxd4 Qxh3 35.Qd7 Rd8 36.Qe7 Qg4
37.Rce1 Rde8 38.Qc7 Qf4 39.Kh1 Rc8 40.Qe7 Rc2 41.Qxe6 Bf1  0-1

[Event "Guillermo Garcia mem-B"]
[Site "Santa Clara"]
[Date "1999.05.24"]
[Round "1"]
[White "Bruzon, Lazaro"]
[Black "Oms Pallise, Josep"]
[Result "1-0"]
[WhiteElo "2488"]
[BlackElo "2444"]

1.e4 e5 2.Nf3 Nf6 3.Nc3 Nc6 4.g3 Bb4 5.Bg2 O-O 6.O-O d6 7.d3 Bg4 8.h3 Bh5
9.g4 Bg6 10.Bg5 h6 11.Bh4 Bxc3 12.bxc3 Qe7 13.Rb1 Nd8 14.Re1 Bh7 15.Qc1 Rb8
16.d4 Qe6 17.d5 Qe7 18.g5 Nxe4 19.g6  1-0

[Event "Guillermo Garcia mem-B"]
[Site "Santa Clara"]
[Date "1999.05.25"]
[Round "2"]
[White "Bruzon, Lazaro"]
[Black "Vilela, Jose Luis"]
[Result "1-0"]
[WhiteElo "2488"]
[BlackElo "2396"]

1.e4 e6 2.d4 d5 3.Nc3 Bb4 4.e5 Ne7 5.a3 Bxc3+ 6.bxc3 b6 7.Qg4 Ng6 8.Nf3 Ba6
9.Bd3 Qd7 10.h4 Bxd3 11.cxd3 h5 12.Qg5 Nc6 13.a4 Nce7 14.a5 O-O-O 15.Qd2 f6
16.O-O Nf5 17.g3 Qc6 18.Re1 Rde8 19.Ba3 Rhg8 20.Qe2 Kd7 21.Rec1 Rc8 22.c4 Ke8
23.Ra2 Kf7 24.Rac2 Rgd8 25.axb6 axb6 26.Bb2 Qd7 27.Nd2 Rh8 28.cxd5 exd5 29.Rc6 Nf8
30.exf6 gxf6 31.Rxf6+ Kxf6 32.Qe5+ Kg6 33.Qxh8 Ne6 34.Qe5 Re8 35.Nf3 Qd6
36.Qe2 Neg7 37.Ne5+ Kh7 38.Qd2 Re6 39.Nf7 Qd7 40.Ng5+ Kg6 41.Nxe6 Nxe6 42.Re1 Kf7
43.Re5 Nfg7 44.Qe2 Ke7 45.Qf3 c6 46.Ba3+ Kd8 47.Qf6+ Kc7 48.Bf8 Nxf8 49.Qxf8 Ne6
50.Qf6 Kd6 51.Rxh5 Qe7 52.Qe5+ Kd7 53.Rh8 b5 54.f4  1-0

[Event "Guillermo Garcia mem-B"]
[Site "Santa Clara"]
[Date "1999.05.26"]
[Round "3"]
[White "Herrera, Irisberto"]
[Black "Bruzon, Lazaro"]
[Result "1-0"]
[WhiteElo "2450"]
[BlackElo "2488"]

1.e4 e5 2.Nf3 Nc6 3.Bb5 a6 4.Ba4 Nf6 5.O-O Be7 6.Re1 b5 7.Bb3 d6 8.c3 O-O
9.h3 Be6 10.d4 Bxb3 11.axb3 exd4 12.Nxd4 Qd7 13.Nf5 Rfe8 14.Bg5 Bd8 15.Nd2 g6
16.Ng3 Kg7 17.Nf3 h6 18.Bf4 Ne5 19.Nd4 c5 20.Nc2 c4 21.Bxe5 Rxe5 22.bxc4 bxc4
23.Qd4 Qc6 24.Nb4 Qb5 25.Qxd6 Be7 26.Qc6 Bxb4 27.Qxa8 Bc5 28.Re2 a5 29.Kh2 Bb6
30.Rd1 h5 31.Kh1 h4 32.Nf1 Re6 33.e5 Rxe5 34.Rxe5 Qxe5 35.Qf3 Ne4 36.Ne3 Bc7
37.Kg1 Ng5 38.Qd5 Qh2+ 39.Kf1 Ne6 40.Ke1 Qg1+ 41.Ke2 Nf4+ 42.Kf3 Qh2 43.Qd4+ Kg8
44.Qxc4 Be5 45.Rd8+ Kg7 46.Rd7  1-0

[Event "Guillermo Garcia mem-B"]
[Site "Santa Clara"]
[Date "1999.05.27"]
[Round "4"]
[White "Bruzon, Lazaro"]
[Black "Abreu, Arian"]
[Result "1/2-1/2"]
[WhiteElo "2488"]
[BlackElo "2410"]

1.e4 c5 2.Nf3 d6 3.d4 cxd4 4.Nxd4 Nf6 5.Nc3 a6 6.Be3 Ng4 7.Bg5 h6 8.Bh4 g5
9.Bg3 Bg7 10.Be2 Ne5 11.h4 Nbc6 12.Nb3 Be6 13.hxg5 hxg5 14.Rxh8+ Bxh8 15.Qd2 Bxb3
16.axb3 Nd4 17.Bd1 e6 18.Ra4 Nec6 19.Ne2 Nxe2 20.Bxe2 Be5 21.Bxe5 dxe5 22.c3 Qxd2+
23.Kxd2 Rd8+ 24.Ke3 Ke7 25.Ra1 Rh8 26.Bf3 Kd6 27.g3 Rh2 28.Rd1+ Kc7 29.b4 Rh8
30.Rh1 Rxh1 31.Bxh1 Kd6 32.Bf3 f6 33.Be2 b5 34.Bd1 Ke7 35.Bb3 Kd6 36.Kf3 Ke7
37.Kg4 Kf7 38.Kh5 Nd8 39.Bc2 Ke7 40.Bb3 Nc6  1/2-1/2

[Event "Guillermo Garcia mem-B"]
[Site "Santa Clara"]
[Date "1999.05.28"]
[Round "5"]
[White "Perdomo, Carlos Andres"]
[Black "Bruzon, Lazaro"]
[Result "1/2-1/2"]
[WhiteElo "2410"]
[BlackElo "2488"]

1.e4 c5 2.Nf3 d6 3.c3 Nf6 4.Bd3 Nc6 5.Bc2 Bg4 6.h3 Bxf3 7.Qxf3 g6 8.O-O Bg7
9.d3 O-O 10.Qe2 b5 11.Nd2 Rb8 12.a3 Nd7 13.Nf3 a5 14.Be3 Qb6 15.Rfd1 Nde5
16.Nxe5 Bxe5 17.Qd2 Rfc8 18.b4 Qc7 19.bxc5 dxc5 20.Rac1 b4 21.cxb4 axb4 22.axb4 Rxb4
23.Bxc5 Rb2 24.d4 Bf4 25.Qc3 Bxc1 26.Rxc1 Rbb8 27.Bd3 Qf4 28.Re1 Nd8 29.Qa3 Qd2
30.Rf1 Ne6 31.Ba6 Rc7 32.Bxe7 Qxd4 33.Bd6 Rc3 34.Qxc3 Qxc3 35.Bxb8 Nc5 36.Be2 Qb2
37.Ba7 Nxe4 38.Bf3 Nd2 39.Rd1 Qa3 40.Rxd2 Qxa7 41.Rd1 Kg7 42.g4  1/2-1/2

[Event "Guillermo Garcia mem-B"]
[Site "Santa Clara"]
[Date "1999.05.30"]
[Round "6"]
[White "Bruzon, Lazaro"]
[Black "Hernando Rodrigo, Jose Maria"]
[Result "1-0"]
[WhiteElo "2488"]
[BlackElo "2363"]

1.e4 e6 2.d4 d5 3.Nc3 Nf6 4.Bg5 Be7 5.e5 Nfd7 6.Bxe7 Qxe7 7.f4 O-O 8.Nf3 c5
9.Qd2 Nc6 10.dxc5 Qxc5 11.a3 f6 12.exf6 Rxf6 13.O-O-O Nb6 14.g3 Bd7 15.h4 Rc8
16.Kb1 Na5 17.Ne5 Nac4 18.Bxc4 Nxc4 19.Nxc4 Qxc4 20.h5 h6 21.Rhe1 Rf5 22.Ne2 Rxh5
23.Nd4 Re8 24.Nf3 Ba4 25.Ne5 Qc5 26.b3 Bb5 27.a4 Bc6 28.g4 Rh3 29.g5 Qc3
30.Qxc3 Rxc3 31.gxh6 gxh6 32.Rg1+ Kh7 33.Rg6 Rg8 34.Rxe6 Rg2 35.Rh1 d4 36.Rhxh6+ Kg7
37.Rhg6+ Rxg6 38.Rxg6+ Kh7 39.Rd6 Be4 40.Rxd4 Bxc2+ 41.Kb2 Rc7 42.Rc4 Rxc4
43.Nxc4 Be4 44.Kc3 Kg6 45.Kd4 Bc2 46.Kc3 Be4 47.Nd6 Bf3 48.Kc4 Kf6 49.b4 Ke6
50.Nb5 Kf5 51.Nd4+ Kxf4 52.Nxf3 Kxf3 53.Kd5  1-0

[Event "Guillermo Garcia mem-B"]
[Site "Santa Clara"]
[Date "1999.06.05"]
[Round "11"]
[White "Del Rio Angelis, S."]
[Black "Bruzon, Lazaro"]
[Result "1/2-1/2"]
[WhiteElo "2408"]
[BlackElo "2488"]

1.e4 c5 2.Nf3 d6 3.d4 cxd4 4.Nxd4 Nf6 5.Nc3 a6 6.Bc4 e6 7.Bb3 Nbd7 8.O-O Nc5
9.Qe1 Be7 10.Bg5 h6 11.Bh4 Bd7 12.f4 g5 13.fxg5 hxg5 14.Bxg5 Ng4 15.Bxe7 Qxe7
16.h3 Ne5 17.Nf3 O-O-O 18.Nxe5 dxe5 19.Qf2 Rh7 20.Qf6 Qxf6 21.Rxf6 Bc6 22.Raf1 Rd7
23.Bc4 Rg7 24.Bd3 Kd8 25.R1f3 Ke7 26.Rh6 Rd4 27.Re3 f5 28.exf5 Rxg2+ 29.Kf1 Rf4+
30.Ke1 e4 31.Nxe4 Rg1+ 32.Ke2 Rg2+ 33.Ke1  1/2-1/2

[Event "Guillermo Garcia mem-B"]
[Site "Santa Clara"]
[Date "1999.06.06"]
[Round "12"]
[White "Bruzon, Lazaro"]
[Black "Pecorelli Garcia, Humberto"]
[Result "1/2-1/2"]
[WhiteElo "2488"]
[BlackElo "2430"]

1.e4 e6 2.d4 d5 3.Nc3 Bb4 4.e5 Ne7 5.a3 Bxc3+ 6.bxc3 c5 7.Nf3 h6 8.a4 b6
9.Bb5+ Nd7 10.O-O O-O 11.Bd3 f6 12.Re1 Nc6 13.Bf1 fxe5 14.dxe5 Bb7 15.c4 d4
16.Ra3 Qc7 17.Nh4 Ndxe5 18.f4 Nd7 19.Rxe6 Rf6 20.Qe1 Qd8 21.Rg3 Nf8 22.Re4 Rc8
23.Qe2 Rf7 24.Qh5 Ne7 25.Re1 Rc6 26.f5 Qc7 27.Bd3 Rcf6 28.Rg4 Kh8 29.Bg5 Ng8
30.Ng6+ Nxg6 31.Bxf6 Nxf6 32.Qxg6 Re7 33.Rxe7 Qxe7 34.Rg3 Bc6 35.a5  1/2-1/2

[Event "Guillermo Garcia mem-B"]
[Site "Santa Clara"]
[Date "1999.06.07"]
[Round "13"]
[White "Alzate, Dario"]
[Black "Bruzon, Lazaro"]
[Result "0-1"]
[WhiteElo "2417"]
[BlackElo "2488"]

1.d4 Nf6 2.c4 e6 3.Nc3 d5 4.Nf3 Nbd7 5.cxd5 exd5 6.Bf4 Nb6 7.e3 c6 8.Bd3 Be7
9.Qc2 Bg4 10.Ne5 Bh5 11.Rb1 Bg6 12.h3 O-O 13.O-O Re8 14.Rfd1 Bd6 15.b4 Bxe5
16.Bxe5 Nfd7 17.Bf4 Nc4 18.Qb3 Bxd3 19.Rxd3 b5 20.a4 a6 21.Ra1 Nf8 22.Rdd1 Ne6
23.Bh2 Ng5 24.Ra2 Rc8 25.axb5 axb5 26.Ra7 Re6 27.Qc2 h6 28.Rda1 Qf8 29.Qb1 Ree8
30.R1a6 Re7 31.Rxe7 Qxe7 32.Bf4 Ne6 33.Bg3 h5 34.Ne2 h4 35.Bh2 Ng5 36.Nf4 Nxe3
37.Qe1 Nf5 38.Qxe7 Nxe7 39.Nd3 Ne6 40.Be5 Nf5 41.Ra7 f6  0-1

[Event "Wch U18"]
[Site "Oropesa del Mar"]
[Date "1999.10.24"]
[Round "1"]
[White "Bruzon, Lazaro"]
[Black "Schenk, Andreas"]
[Result "1-0"]
[WhiteElo "2528"]
[BlackElo "2241"]

1.e4 c5 2.Nf3 e6 3.d4 cxd4 4.Nxd4 a6 5.Bd3 Bc5 6.Nb3 Ba7 7.Nc3 Nc6 8.Qe2 d6
9.Be3 Nf6 10.f4 b5 11.a3 e5 12.O-O Bg4 13.Qe1 Be6 14.Kh1 Bxe3 15.Qxe3 O-O
16.a4 exf4 17.Rxf4 b4 18.Nd5 Nd7 19.a5 Nde5 20.Be2 Re8 21.Qd2 Ng6 22.Rff1 Qb8
23.Rfd1 Qb7 24.Bf1 Bxd5 25.Qxd5 Re6 26.Bc4 Rc8 27.Rf1 Nge5 28.Rxf7 Nxf7 29.Qxe6 Nd8
30.Qe8+  1-0

[Event "Wch U18"]
[Site "Oropesa del Mar"]
[Date "1999.10.25"]
[Round "2"]
[White "Flores, Diego"]
[Black "Bruzon, Lazaro"]
[Result "1/2-1/2"]
[WhiteElo "2319"]
[BlackElo "2528"]

1.e4 g6 2.d4 Bg7 3.Nc3 c6 4.Be3 d5 5.e5 f6 6.f4 Nh6 7.Nf3 Bg4 8.h3 Bxf3 9.Qxf3 fxe5
10.fxe5 Nf5 11.Bf2 O-O 12.Bd3 e6 13.O-O-O c5 14.dxc5 Nc6 15.h4 Nxe5 16.Qh3 d4
17.Nb5 Qd5 18.Kb1 Rad8 19.Be2 Qxc5 20.c3 Qc6 21.Nxd4 Nxd4 22.Bxd4 Qe4+ 23.Ka1 Qxe2
24.Qxe6+ Kh8 25.Rde1 Rde8 26.Qd5 Qc4 27.Qxb7 Qf7 28.Qa6 Qe6 29.Qa3 h5 30.Re3 Qf7
31.Qxa7 Qxa7 32.Bxa7 Nc4 33.Rxe8 Rxe8 34.Bd4 Bxd4 35.cxd4 Re2 36.b3 Na3 37.Rc1 Nc2+
38.Kb2 Nxd4+ 39.Kc3 Nc6 40.Kd3 Re6 41.a4 Ne5+ 42.Kd4 Kg7 43.b4 Kf6 44.b5 Rd6+
45.Kc5 Ke6 46.Re1 Rd5+ 47.Kb6 Kd6 48.a5 Nd7+ 49.Ka6 Nb8+ 50.Kb6 Nd7+ 51.Ka6  1/2-1/2

[Event "Wch U18"]
[Site "Oropesa del Mar"]
[Date "1999.10.26"]
[Round "3"]
[White "Bruzon, Lazaro"]
[Black "Karttunen, Mika"]
[Result "1-0"]
[WhiteElo "2528"]
[BlackElo "2284"]

1.e4 c6 2.d4 d5 3.Nd2 dxe4 4.Nxe4 Nd7 5.Bc4 Ndf6 6.Ng5 e6 7.N1f3 h6 8.Nh3 Bd6
9.Qe2 Ne7 10.Bd2 Qc7 11.O-O-O b5 12.Bd3 a6 13.Rhe1 c5 14.dxc5 Qxc5 15.Be3 Qc7
16.Bd4 Nc6 17.Kb1 Bb7 18.c4 Bb4 19.Bxf6 gxf6 20.Rg1 bxc4 21.Bxc4 Ke7 22.Rc1 Qa5
23.Nf4 Qf5+ 24.Nd3 Na5 25.Bxe6 fxe6 26.Rc7+ Kf8 27.Nd4  1-0

[Event "Wch U18"]
[Site "Oropesa del Mar"]
[Date "1999.10.27"]
[Round "4"]
[White "Kokorev, Dmitry"]
[Black "Bruzon, Lazaro"]
[Result "1-0"]
[WhiteElo "2370"]
[BlackElo "2528"]

1.e4 c5 2.Nf3 e6 3.d4 cxd4 4.Nxd4 a6 5.Bd3 Qb6 6.Nb3 Qc7 7.Nc3 b5 8.O-O Bb7
9.Bg5 Be7 10.Bxe7 Nxe7 11.f4 O-O 12.Qh5 b4 13.Ne2 f5 14.Ng3 fxe4 15.Nxe4 Bxe4
16.Bxe4 g6 17.Qc5 Nbc6 18.g3 Rac8 19.Rad1 Nf5 20.Rd2 d6 21.Qf2 a5 22.g4 Ng7
23.Nd4 Ne5 24.Qh4 Nc4 25.Rd3 d5 26.Rh3 Nf5 27.gxf5 exf5 28.Bd3 Qf7  1-0

[Event "Wch U18"]
[Site "Oropesa del Mar"]
[Date "1999.10.28"]
[Round "5"]
[White "Kanep, Meelis"]
[Black "Bruzon, Lazaro"]
[Result "1/2-1/2"]
[WhiteElo "2191"]
[BlackElo "2528"]

1.d4 Nf6 2.c4 g6 3.Nc3 d5 4.Nf3 Bg7 5.Qb3 dxc4 6.Qxc4 O-O 7.e4 Bg4 8.Be2 Nc6
9.d5 Bxf3 10.gxf3 Na5 11.Qd3 c5 12.Be3 Nd7 13.f4 Rb8 14.O-O b5 15.e5 Nc4
16.b3 Nxe3 17.fxe3 a6 18.Rad1 Qa5 19.Ne4 Rfd8 20.Rc1 c4 21.bxc4  1/2-1/2

[Event "Wch U18"]
[Site "Oropesa del Mar"]
[Date "1999.10.29"]
[Round "6"]
[White "Bruzon, Lazaro"]
[Black "Kotanjian, Tigran"]
[Result "1-0"]
[WhiteElo "2528"]
[BlackElo "2289"]

1.e4 c5 2.Nf3 d6 3.d4 cxd4 4.Nxd4 Nf6 5.Nc3 a6 6.Be3 Ng4 7.Bg5 h6 8.Bh4 g5
9.Bg3 Bg7 10.Be2 h5 11.Bxg4 Bxg4 12.f3 Bd7 13.Bf2 Nc6 14.O-O g4 15.Nd5 Nb8
16.Nf5 Bxf5 17.exf5 Bxb2 18.Rb1 Be5 19.f4 Bf6 20.Rb3  1-0

[Event "Wch U18"]
[Site "Oropesa del Mar"]
[Date "1999.10.31"]
[Round "7"]
[White "Kjartansson, David"]
[Black "Bruzon, Lazaro"]
[Result "0-1"]
[WhiteElo "2154"]
[BlackElo "2528"]

1.d4 g6 2.Nf3 Bg7 3.c3 d6 4.Bg5 h6 5.Bh4 f5 6.e3 Nf6 7.Bxf6 Bxf6 8.Bd3 e5
9.dxe5 dxe5 10.e4 Qe7 11.Qc2 Nd7 12.Nbd2 Nc5 13.O-O-O f4 14.g3 fxg3 15.hxg3 Bg4
16.b4 Nxd3+ 17.Qxd3 a5 18.b5 Rd8 19.Qc4 Be6 20.Qa4 Qc5 21.Kc2 Kf7 22.Ne1 Qxf2
23.Nd3 Qe2 24.Nc1 Qg2 25.Qxa5 Kg7 26.Nd3 Bg4 27.Qxc7+ Rd7 28.Qc4 Bxd1+ 29.Rxd1 Rhd8  0-1

[Event "Wch U18"]
[Site "Oropesa del Mar"]
[Date "1999.11.01"]
[Round "8"]
[White "Bruzon, Lazaro"]
[Black "Stryjecki, Marek"]
[Result "0-1"]
[WhiteElo "2528"]
[BlackElo "2448"]

1.e4 e5 2.Nf3 Nc6 3.Bb5 Nf6 4.O-O Nxe4 5.d4 Nd6 6.Bxc6 dxc6 7.dxe5 Nf5 8.Qxd8+ Kxd8
9.Nc3 Ke8 10.h3 Ne7 11.Ne4 Ng6 12.Re1 c5 13.Nc3 Be7 14.Bg5 Be6 15.Rad1 c6
16.Ne4 b6 17.a3 h6 18.Bxe7 Kxe7 19.b4 cxb4 20.axb4 a5 21.Nd4 Rhc8 22.Nd6 Rc7
23.Nxe6 fxe6 24.Rd3 axb4 25.Rg3 Nxe5 26.Rxg7+ Kxd6 27.Rd1+ Kc5 28.Rxc7 Ra2
29.Rc1 Nc4 30.g4 Na3 31.f4 Rxc2 32.Rf1 b3 33.g5 b2 34.Rd7 b1=Q 35.Rxb1 Nxb1
36.gxh6 Ra2  0-1

[Event "Wch U18"]
[Site "Oropesa del Mar"]
[Date "1999.11.04"]
[Round "10"]
[White "Bruzon, Lazaro"]
[Black "Handke, Florian"]
[Result "1-0"]
[WhiteElo "2528"]
[BlackElo "2361"]

1.e4 c5 2.Nf3 Nc6 3.d4 cxd4 4.Nxd4 Nf6 5.Nc3 e5 6.Ndb5 d6 7.Bg5 a6 8.Na3 b5
9.Bxf6 gxf6 10.Nd5 f5 11.Bd3 Be6 12.O-O Bxd5 13.exd5 Ne7 14.c3 Bg7 15.Qh5 e4
16.Bc2 Qc8 17.Rae1 O-O 18.Bb3 a5 19.Qg5 Ng6 20.Nxb5 a4 21.Bd1 Qc5 22.c4 Qxc4
23.Nxd6 Qxa2 24.Re2 Qxd5 25.Nxf5 Ra5 26.g4 Kh8 27.Qe3 Ne5 28.Rd2 Qc6 29.Be2 Rg8
30.Rd6 Qc7 31.Rc1 Qb8 32.Kh1 Nd3 33.Rb6 Qa8 34.Rc7 a3 35.Nd6 Ne5 36.bxa3 Rxa3
37.Qxe4 Ra1+ 38.Kg2 Qxe4+ 39.Nxe4 f5 40.gxf5 Bf8+ 41.Ng3 Ra2 42.Kf1 Ra1+
43.Kg2 Ra2 44.Rbb7 Rg5 45.h4 Rxg3+ 46.Kxg3 Rxe2 47.Rc8 Kg8 48.f6 Ng6 49.Rg7+ Kh8
50.Rxg6 hxg6 51.Rxf8+ Kh7 52.f7 Kg7 53.Re8  1-0

[Event "Wch U18"]
[Site "Oropesa del Mar"]
[Date "1999.11.05"]
[Round "11"]
[White "Carlsson, Pontus"]
[Black "Bruzon, Lazaro"]
[Result "0-1"]
[WhiteElo "2186"]
[BlackElo "2528"]

1.e4 c5 2.Nf3 e6 3.d4 cxd4 4.Nxd4 Qb6 5.Nb3 a6 6.Bd3 Qc7 7.O-O Nf6 8.c4 d6
9.Nc3 b6 10.Qe2 g6 11.f4 Bg7 12.Nd2 O-O 13.Nf3 Bb7 14.Be3 Nbd7 15.Bd4 Bh6
16.Nh4 Rae8 17.Rae1 Qd8 18.Be3 Nc5 19.Bc1 d5 20.Rd1 Ncxe4 21.Nxe4 dxe4  0-1

[Event "V Open"]
[Site "Lisbon POR"]
[Date "1999.11.14"]
[Round "2"]
[White "Bruzon,L"]
[Black "Flores,J"]
[Result "1-0"]
[WhiteElo "2528"]
[BlackElo "2050"]

1.c4 c5 2.Nf3 Nf6 3.Nc3 Nc6 4.d4 cxd4 5.Nxd4 g6 6.e4 Bg7 7.Be3 d6 8.Be2 O-O
9.O-O Bd7 10.f3 Rc8 11.Rc1 Ne5 12.b3 Qa5 13.Qd2 Rfe8 14.Rc2 a6 15.Rb1 Nc6
16.Nxc6 bxc6 17.c5 dxc5 18.Na4 Qxd2 19.Rxd2 a5 20.Nxc5 Rc7 21.Rbd1 Bc8 22.Rd4 Bb7
23.Ra4 Ra8 24.b4 Ne8 25.Rxa5 Rxa5 26.bxa5 Nd6 27.Rb1 e5 28.Nxb7  1-0

[Event "V Open"]
[Site "Lisbon POR"]
[Date "1999.11.15"]
[Round "3"]
[White "Fernandes,Al"]
[Black "Bruzon,L"]
[Result "0-1"]
[WhiteElo "2184"]
[BlackElo "2528"]

1.b3 b6 2.Bb2 Bb7 3.e3 d5 4.f4 e6 5.Nf3 Nf6 6.Be2 Bd6 7.O-O O-O 8.Ne5 Nfd7
9.Qe1 f6 10.Nxd7 Nxd7 11.c4 a6 12.Nc3 f5 13.Bf3 c6 14.d3 Qe7 15.Rd1 b5 16.g3 Bb4
17.Qe2 Nb6 18.e4 fxe4 19.dxe4 dxc4 20.Kg2 Rad8 21.Rxd8 Rxd8 22.Rd1 Rxd1 23.Nxd1 Qd7
24.Bg4 c5 25.Be5 cxb3 26.axb3 c4 27.Qe3 Qc6 28.Bf3 cxb3 29.Qxb3 Bf8 30.Ba1 Nc4
31.Qc3 Qd6 32.Nf2 Nd2 33.Ng4 Nxf3 34.Qxf3 Qc6 35.Nf2 b4 36.h4 Qc2 37.Kh3 b3
38.Qg4 Bc8 39.Nd1 Qxe4 40.Be5 Qh1+  0-1

[Event "V Open"]
[Site "Lisbon POR"]
[Date "1999.11.16"]
[Round "4"]
[White "Bruzon,L"]
[Black "Rocha,S"]
[Result "1-0"]
[WhiteElo "2528"]
[BlackElo "2427"]

1.c4 Nf6 2.Nc3 g6 3.g3 Bg7 4.Bg2 O-O 5.d4 d6 6.e3 c6 7.Nge2 Nbd7 8.b3 d5
9.cxd5 cxd5 10.O-O Nb6 11.a4 Bg4 12.a5 Nc8 13.a6 Rb8 14.axb7 Rxb7 15.Re1 Nb6
16.h3 Bxe2 17.Rxe2 Qb8 18.Rea2 Rd8 19.Ba3 h5 20.Bc5 e6 21.Ra6 Ne8 22.h4 Nd6
23.b4 Bf8 24.g4 hxg4 25.Qxg4 Ne8 26.Qg5 Rdd7 27.h5 f6 28.Qg4 Nc7 29.R6a2 g5
30.e4 Kf7 31.Re1 Qd8 32.Rae2 Rb8 33.exd5 Nbxd5 34.Nxd5 Rxd5 35.Rxe6 Rd7 36.Qf5 Bg7
37.Qg6+ Kg8 38.Be4 f5 39.Bxf5 Nxe6 40.Qh7+  1-0